000 00319 a2200109 4500
001 ART_30615
005 20260410162002.0
008 260409a
245 1 0 _aDiseño organizativo y factor humano
100 1 _aGilli, Juan José
773 0 _tForo económico
_g- Año III, Nº 4 (mayo 1997)
_wREV30369
999 _c31419
_d31419